| 000 | 00439nam a2200181Ia 4500 | ||
|---|---|---|---|
| 003 | OSt | ||
| 005 | 20230330155202.0 | ||
| 008 | 210210b1939 xxu||||| |||| 00| 0 eng d | ||
| 040 | _cAL | ||
| 041 | _aeng | ||
| 082 | _a825/515 | ||
| 100 |
_aLASCELLES (Mary) _980414 |
||
| 245 | _aJane austen and her art | ||
| 260 |
_aLondon _bOxford University Press _c1939 |
||
| 690 |
_aEnglish Criticism _980415 |
||
| 906 | _a014831 | ||
| 942 |
_2ddc _cBK |
||
| 999 |
_c134055 _d134055 |
||